| 000 | 00844nam a2200253 a 4500 | ||
|---|---|---|---|
| 001 | 000010833 | ||
| 005 | 20200929162311.0 | ||
| 008 | 091012s2005 dr r 000 p spa d | ||
| 020 | _a999347939X | ||
| 040 |
_aDO-SdBNP _bspa _cBNPHU |
||
| 082 |
_aPR861.44 _bR934a |
||
| 100 | 1 |
_aRuiz, Tagrid _926157 |
|
| 245 | 1 | 3 |
_aEl amor en dos tiempos = _bLove at two times / _cJuan Peña , Tagrid Ruíz. |
| 246 | 3 | 1 | _aLove at two times |
| 260 |
_aSanto Domngo : _bBúho, _c2005. |
||
| 300 |
_a68 , 84 p. ; _c22 cm. |
||
| 546 | _aPoemas de Juan Peña en inglés | ||
| 563 | _aTítulos con paginación separada en encuardernación invertida. | ||
| 590 | _aInventariado, 2018/BT | ||
| 650 | 4 |
_aPoesía puertorriqueña _91015 |
|
| 650 | 4 |
_aLiteratura puertorriqueña _9250 |
|
| 700 | 1 | 2 |
_aPeña, Juan _925664 |
| 910 | _aValidado. Control de calidad. MFF | ||
| 999 |
_c10582 _d10582 |
||